UBT Library

Pulmonary function testing / (Record no. 41068)

000 -LEADER
fixed length control field 00522pam a2200217 i 4500
001 - CONTROL NUMBER
control field 4140564
005 - DATE AND TIME OF LATEST TRANSACTION
control field 20180127033337.0
008 - FIXED-LENGTH DATA ELEMENTS--GENERAL INFORMATION
fixed length control field 770720s1977 pau 001 0 eng
010 ## - LIBRARY OF CONGRESS CONTROL NUMBER
LC control number 77075533
020 ## - INTERNATIONAL STANDARD BOOK NUMBER
International Standard Book Number 0721625282
040 ## - CATALOGING SOURCE
Original cataloging agency DLC
Transcribing agency DLC
Modifying agency DLC
041 ## - LANGUAGE CODE
Language code of text/sound track or separate title eng
060 ## - NATIONAL LIBRARY OF MEDICINE CALL NUMBER
Classification number 616.24
080 ## - UNIVERSAL DECIMAL CLASSIFICATION NUMBER
Universal Decimal Classification number 616.24
082 00 - DEWEY DECIMAL CLASSIFICATION NUMBER
Classification number 616.24 CHE
100 1# - Rafti
Rafti 4
101 ## - Shkurtesa
Shkurtesa SHM
245 10 - TITLE STATEMENT
Title Pulmonary function testing /
Statement of responsibility, etc Reuben M. Cherniack.
906 ## - LOCAL DATA ELEMENT F, LDF (RLIN)
a 7
b cbc
c orignew
d 1
e opcn
f 19
g y-gencatlg
942 ## - ADDED ENTRY ELEMENTS (KOHA)
Source of classification or shelving scheme
Item type Books
Holdings
Withdrawn status Lost status Source of classification or shelving scheme Damaged status Not for loan Collection code Permanent location Current location Shelving location Date acquired Total Checkouts Full call number Barcode Date last seen Price effective from Koha item type
          Koleksioni i përgjithshem UBT - Lipjan UBT - Lipjan Koleksioni i përgjithshem 01/27/2018   616.24 CHE 002-2996627 01/27/2018 01/27/2018 Books
UBT Library © 2015-2024. All rights reserved University Education for Business and Technology